Propuesta de guía metodológica para taller de planificación
Propone una guía metodológica que permita la instrumentación para un programa de asignatura denominado Taller de Planificación o Taller de Urbanismo.
| Main Author: | |
|---|---|
| Other Authors: | |
| Format: | Tesis Section = Libro |
| Language: | Undetermined Spanish |
| Published: |
Managua
Universidad Nacional Autónoma de Nicaragua (UNAN)
1985
|
| Subjects: |
| LEADER | 00862nam a2200217Ia 4500 | ||
|---|---|---|---|
| 008 | 240830s9999 xx 000 0 und d | ||
| 040 | |a BIBLIOTECA-RUSB/ Mon 711 S213 | ||
| 041 | |a spa | ||
| 082 | |a Mon 711 S213 | ||
| 100 | 1 | |a Sandino Montes, Marino | |
| 245 | 1 | 0 | |a Propuesta de guía metodológica para taller de planificación |
| 260 | |a Managua |b Universidad Nacional Autónoma de Nicaragua (UNAN) |c 1985 | ||
| 300 | |a 94 p. :il. | ||
| 502 | |a Tesis (Arquitecto) - Universidad Nacional Autónoma de Nicaragua (UNAN), 1985. | ||
| 520 | 3 | |a Propone una guía metodológica que permita la instrumentación para un programa de asignatura denominado Taller de Planificación o Taller de Urbanismo. | |
| 650 | 7 | |a URBANISMO PLANIFICACION | |
| 650 | 7 | |b ARQUITECTURA | |
| 700 | 1 | |a Tutor: |b Tello Alarcón, Roberto | |
| 942 | |c BK |2 ddc | ||
| 991 | |a TESIS | ||
| 999 | |c 20850 | ||